[Event "Hokkaido.Ch2022"]
[Site "?"]
[Date "2022.03.26"]
[Round "2.2"]
[White "Kimura, Ryota"]
[Black "Okuno, Rion"]
[Result "1/2-1/2"]
[WhiteElo "1681"]
[BlackElo "1167"]
[Annotator "Fritz 11 SE (30s)"]
[PlyCount "90"]
[SourceVersionDate "2022.03.28"]

{[%mdl 8256] B90: Sicilian Najdorf: Unusual White 6th moves, 6 Be3 Ng4 and 6
Be3 e5} 1. e4 c5 (1... e5 2. Nf3 Nc6 3. Bb5 $14) 2. Nf3 $14 d6 {Covers e5} 3.
d4 cxd4 4. Nxd4 {Black is behind in developement. Black's piece can't move: f8}
Nf6 {Black threatens to win material: Nf6xe4} 5. Nc3 a6 {Black is behind in
developement. Black's piece can't move: f8} 6. Be3 e5 7. Nb3 Be7 8. f3 {
Consolidates g4} Be6 9. Qd2 Nbd7 10. O-O-O b5 11. g4 b4 {Black threatens to
win material: b4xc3} 12. Ne2 (12. Nd5 Bxd5 13. exd5 Nb6 $11) 12... a5 $15 13.
g5 Nh5 14. f4 (14. Kb1 $142 $5 $15 {is worth looking at}) 14... a4 $17 15. Nbd4
{[%cal Yf4f5] White intends f5} exd4 16. Nxd4 b3 $1 {and the rest is history}
17. Kb1 (17. axb3 axb3 18. cxb3 (18. Nxb3 Nc5 {Decoy Double attack}) 18... Nc5
{Decoy Double attack}) (17. cxb3 axb3 18. axb3 (18. Nxb3 Nc5 {Decoy Double
attack} (18... Rxa2 {Discovered attack})) 18... Nc5 {Decoy Double attack})
17... bxc2+ $4 {not a good decision, because now the opponent is right back in
the game} (17... bxa2+ $142 {would have given Black the upper hand} 18. Ka1 Bg4
$19) 18. Qxc2 $15 O-O (18... Rc8 19. Nc6 Qc7 20. Bb5 $11) 19. f5 {White gains
space} Ne5 $4 {weakening the position. A valuable piece} (19... Rc8 $142 {
was much better} 20. Qg2 Bc4 $15) 20. fxe6 $18 Bxg5 21. Bxg5 (21. exf7+ $5 Nxf7
(21... Rxf7 $4 22. Ne6 Qe8 23. Nxg5 $18 (23. Bxg5 $6 Qxe6 24. Be2 Nf4 $11)) 22.
Bxg5 Nxg5 $18) 21... Qxg5 $16 22. exf7+ Rxf7 23. Bc4 (23. Nf5 $5 a3 24. Be2 $16
) 23... Nxc4 $11 24. Qxc4 Qc5 25. Qxc5 dxc5 26. Ne6 {White threatens to win
material: Ne6xc5} Rc8 27. Rd5 {White threatens to win material: Rd5xh5. White
forks: c5+h5} Nf6 {Black threatens to win material: Nf6xd5. Black forks: d5+e4}
28. Rxc5 {White has a mate threat.} Re8 {Black threatens to win material:
Re8xe6} 29. Ng5 Nxe4 30. Nxe4 Rxe4 {A double rook endgame occured} 31. Rc8+ Rf8
32. Rxf8+ Kxf8 33. Rf1+ Ke7 34. Rf2 g5 35. Kc2 Ke6 36. Kd3 Ke5 37. Rf7 {
White threatens to win material: Rf7xh7} Rh4 {Black threatens to win material:
Rh4xh2} 38. Rf2 h5 39. Ke3 Rh3+ 40. Ke2 Ke4 41. Kf1 g4 {Black gets more space}
42. Kg2 Re3 43. Kf1 Rh3 44. Kg2 Re3 {Twofold repetition} 45. Kf1 Rh3 1/2-1/2

[Event "Hokkaido.Ch2022"]
[Site "?"]
[Date "2022.03.26"]
[Round "2.3"]
[White "Sugimoto, Koichi"]
[Black "Kawamura, Takuto"]
[Result "1-0"]
[WhiteElo "1978"]
[BlackElo "1462"]
[Annotator "Fritz 11 SE (30s)"]
[PlyCount "39"]
[SourceVersionDate "2022.03.28"]

{[%mdl 8192] E11: Bogo-Indian} 1. d4 Nf6 2. c4 e6 3. Nf3 Bb4+ 4. Nbd2 O-O 5. a3
Bxd2+ 6. Bxd2 d6 7. e3 (7. g3 Nc6 8. Bc3 Ne4 9. Rc1 e5 10. Bg2 Bg4 11. d5 Ne7
12. O-O f5 13. Nd2 Nxd2 14. Qxd2 f4 15. gxf4 Rxf4 16. f3 Bh5 17. c5 Ng6 18. e3
Rf7 19. f4 exf4 20. exf4 Nh4 21. c6 b6 {Watson,J (2395)-Yermolinsky,A (2620)
Reno 1994 0-1 (41)}) (7. Qc2 Nbd7 8. g4 d5 9. Bg5 Qe8 10. e3 c5 11. dxc5 Ne4
12. Bh4 f5 13. Bg2 fxg4 14. Nd4 Ndxc5 15. b4 e5 16. bxc5 exd4 17. cxd5 d3 18.
Qxd3 Bf5 19. Qd4 Nxc5 20. Qxc5 Rc8 21. Qb4 Bd3 {Boensch,U (2524)-De Francesco,
K (2245) Austria 2014 1-0 (45)}) 7... c5 $146 (7... Re8 8. Be2 Nbd7 9. O-O Ne4
10. Be1 b6 11. Nd2 Bb7 12. Nxe4 Bxe4 13. Bd3 Bxd3 14. Qxd3 e5 15. Qf5 Qe7 16.
Bc3 g6 17. Qg4 f5 18. Qf3 Nf6 19. dxe5 dxe5 20. Rfd1 Ne4 21. Be1 Rad8 22. Rxd8
{Beaton,K (2175)-Grant,A (2175) Clarkston 2003 1/2-1/2}) (7... Qe7 8. Qc2 $11)
8. Rc1 (8. Qc2 b6 $14) 8... Nc6 9. Bc3 h6 {Prevents intrusion on g5} (9... Ne4
10. Bd3 Nxc3 11. Rxc3 $11) 10. Bd3 $14 Re8 11. O-O b6 {Secures a5} 12. Bb1 (12.
b4 $142 $16) 12... Nb8 $2 (12... Bb7 $142 $14 {and Black hangs on}) 13. dxc5
$18 dxc5 $2 (13... bxc5 14. Bxf6 gxf6 $18) 14. Qc2 (14. Bxf6 $142 {and White
can celebrate victory} Qxf6 15. Be4 $18) 14... Nbd7 $16 15. Rfd1 (15. Ne5 Nf8
$16) 15... Qe7 (15... Qc7 $142 $5 $14 {should be investigated more closely})
16. Ne5 $16 Nxe5 (16... Nf8 17. f3 $16) 17. Bxe5 $18 Bb7 $2 (17... a6 $18) 18.
Bxf6 gxf6 (18... Qxf6 {there is nothing else anyway} 19. Rd7 g6 20. Rxb7 Reb8
$18) 19. Qh7+ Kf8 20. Qh8# 1-0

[Event "Hokkaido.Ch2022"]
[Site "?"]
[Date "2022.03.26"]
[Round "2.4"]
[White "Akai, Kiyotaka"]
[Black "Nishimori, Toshiyuki"]
[Result "1-0"]
[WhiteElo "1786"]
[BlackElo "1675"]
[Annotator "Fritz 11 SE (30s)"]
[PlyCount "69"]
[SourceVersionDate "2022.03.28"]

{[%mdl 8256] A57: Benko/Volga Gambit} 1. d4 Nf6 2. c4 c5 3. d5 b5 4. Qc2 g6 5.
e4 bxc4 6. Bxc4 d6 7. h3 Nbd7 8. Nf3 Bg7 9. O-O O-O 10. Bd2 (10. Rd1 Nb6 11.
Be2 e6 12. dxe6 Bxe6 13. Nc3 Qe7 14. Bg5 h6 15. Bh4 Rad8 16. Re1 g5 17. Bg3 Nh5
18. Bh2 f5 19. exf5 Bxf5 20. Qd1 d5 21. g4 Be4 22. gxh5 Qf7 23. Nxe4 dxe4 24.
Qc2 exf3 {Zvjaginsev,V (2585)-Topalov,V (2630) Pamplona 1994 1-0 (49)}) (10.
Bf4 Rb8 11. Nc3 Qa5 12. Bd2 Qb6 13. Na4 Qc7 14. Bc3 Nb6 15. Nxb6 Qxb6 16. Rfe1
Ba6 17. Nd2 Nd7 18. Bxg7 Kxg7 19. b3 Ne5 20. Bxa6 Qxa6 21. f4 Nd3 22. Rf1 f5
23. Nc4 fxe4 24. Qe2 Qb7 {Sulskis,S (2549)-Setkauskas,V (2301) Kaunas 2015 1-0
(59)}) 10... Rb8 11. Re1 Nxe4 $146 (11... Qb6 12. Bc3 Ba6 13. Nbd2 Bb5 14. b3
Rfe8 15. Rab1 a6 16. a4 Bxc4 17. Nxc4 Qc7 18. Qd3 Nh5 19. Ba5 Qb7 20. Bd2 Qc7
21. g4 Nhf6 22. Ba5 Qb7 23. Bc3 h5 24. g5 Nh7 25. Na5 Qc8 26. Nc6 {Alzaim,T 
(2252)-Asabri,H (2281) Doha 2002 0-1 (76)}) (11... Nh5 12. Bc3 Ne5 13. Nxe5
Bxe5 14. Bxe5 dxe5 15. Nd2 Nf4 16. Nf3 Qd6 17. Qc3 f6 18. b3 Ba6 19. Nd2 e6 20.
dxe6 Bxc4 21. Nxc4 Qxe6 22. Qa5 Qe7 23. Rad1 Rfd8 24. Rxd8+ Rxd8 25. Kh2 Rd3
26. Ne3 {Lopez Azambuja,N (2207)-Coppola,C (2207) Montevideo 2014 1/2-1/2 (66)}
) (11... Nh5 $5 {looks like a viable alternative} 12. Bc3 Qc7 $11) 12. Qxe4 $16
(12. Rxe4 $6 Bxb2 13. Bc3 Bxa1 14. Bxa1 Nf6 $11) 12... Bxb2 13. Bc3 Bxa1 14.
Bxa1 Nf6 (14... f6 15. Nbd2 $16) 15. Qc2 (15. Qe3 $142 {would have given White
a clear advantage} Ne8 16. Nbd2 $18) 15... Bf5 $14 16. Bd3 Bxd3 17. Qxd3 Qa5
18. a3 (18. Na3 c4 19. Nxc4 Qxd5 $14) 18... Rfe8 19. Nbd2 Nh5 (19... c4 $142 $5
{must definitely be considered} 20. Nxc4 Qxd5 $11) 20. Nc4 $16 Qa4 21. Qc3 f6
22. Nfd2 Qd7 23. Qf3 {Black has a cramped position} (23. Ne4 Qa4 $16) 23... Rf8
(23... Qf5 24. Qxf5 gxf5 25. g3 $14) 24. Bc3 Ng7 (24... Rbe8 25. Na5 $16) 25.
g4 {White king safety dropped} (25. Na5 Rbe8 $16) 25... Rf7 {Black has a
cramped position} 26. Na5 f5 27. g5 f4 (27... e5 $5 $14) 28. Bxg7 Kxg7 29. Nc6
Re8 (29... Rc8 $5 $16) 30. Re6 Rf5 (30... Kf8 $16) 31. h4 $18 Kf7 $2 (31... Kf8
$18) 32. Nc4 Rxd5 (32... Kf8 {hardly improves anything} 33. Qe4 $18) 33. Rxe7+
(33. Qxd5 Kf8 34. N6e5 Rd8 35. Nxd7+ Rxd7 36. Ne5 Rc7 37. Rxg6 e6 38. Qxd6+ Re7
39. Qd8+ Re8 40. Qf6#) 33... Rxe7 $18 34. Qxd5+ Re6 (34... Kf8 {is the last
straw} 35. Nxe7 Kxe7 36. Qe4+ Qe6 37. Qxf4 Kd7 $18) 35. N6e5+ $1 {Deflection:
d6} (35. N6e5+ Ke7 36. Nxd7 Kxd7 37. Qb7+ Ke8 38. Qc8+ Ke7 39. Qc7+ Ke8 40.
Nxd6+ Rxd6 41. Qxd6 $18) 1-0

[Event "Hokkaido.Ch2022"]
[Site "?"]
[Date "2022.03.26"]
[Round "2.5"]
[White "Pradipta	, Davi Ernest"]
[Black "Takeuchi, Hiroshi"]
[Result "0-1"]
[WhiteElo "1648"]
[BlackElo "1371"]
[Annotator "Fritz 11 SE (30s)"]
[PlyCount "72"]
[SourceVersionDate "2022.03.28"]

{[%mdl 8192] A45: Trompowsky Attack} 1. d4 Nf6 2. Bf4 g6 3. e3 Bg7 4. c4 (4. h3
O-O (4... d6 5. c3 O-O 6. Bh2 Nbd7 7. Nf3 e6 8. Bd3 Qe7 9. O-O e5 10. Be2 e4
11. Nfd2 h5 12. c4 Re8 13. Nc3 Nf8 14. Rc1 c6 15. b4 Bf5 16. Nb3 Qd7 17. d5
Rad8 18. dxc6 bxc6 19. c5 {Rusev,K (2541)-Berg,E (2558) Vaxjo 2015 1-0 (44)})
5. c3 d5 6. Nd2 Nbd7 7. Ngf3 b6 8. a4 a5 9. Be2 Bb7 10. O-O Ne4 11. Rc1 Rc8 12.
b4 Ra8 13. b5 Re8 14. c4 e5 15. dxe5 Nxe5 16. cxd5 Nxf3+ 17. Bxf3 Nc3 18. Rxc3
Bxc3 {Kamsky,G (2721)-Mamedyarov,S (2757) Beijing 2013 0-1 (67)}) 4... d6 $146
{Consolidates e5} (4... O-O 5. Nc3 c5 6. Be2 d5 7. dxc5 Qa5 8. Nf3 Ne4 9. Be5
Nxc3 10. Qd2 Bxe5 11. Nxe5 dxc4 12. Qxc3 Qxc3+ 13. bxc3 Nd7 14. Nxd7 Bxd7 15.
Rb1 Rab8 16. O-O Rfc8 17. Rfd1 Ba4 18. Rd5 e6 19. Rd4 {Bakalarz,M (2305)
-Laurusas,T (2222) Wroclaw 2010 1/2-1/2 (79)}) 5. Bd3 (5. Be2 Nc6 $11) 5... O-O
(5... Nh5 $5 6. Bg3 c5 $17) 6. Nf3 $11 Nbd7 7. O-O c5 (7... Re8 8. Bg5 $11) 8.
Re1 (8. Nc3 Re8 $14) 8... b6 (8... cxd4 $5 9. exd4 e5 $11) 9. Nc3 $14 Bb7 10.
d5 {This push gains space} Nh5 11. Bg3 (11. h3 $5 $14 {is noteworthy}) 11...
Nxg3 $11 12. hxg3 Bxc3 13. bxc3 Re8 14. Qc2 e6 {Controls f5} 15. e4 e5 16. Qb1
Nf6 17. Be2 Kg7 18. Nd2 h5 19. a4 Rh8 20. Nf3 Bc8 21. Kh2 Bg4 22. Rh1 $2 (22.
Kg1 $5 $11 {is worthy of consideration}) 22... Bxf3 (22... h4 $142 $5 23. Kg1
hxg3 24. fxg3 Rxh1+ 25. Kxh1 Qh8+ 26. Kg1 Qh6 $19) 23. Bxf3 $17 Rh7 (23... h4
$5 24. Kg1 hxg3 25. fxg3 Rxh1+ 26. Kxh1 Qh8+ 27. Kg1 g5 $17) 24. Kg1 $11 Qh8
25. a5 bxa5 26. Rxa5 h4 27. gxh4 Rxh4 28. Rxh4 Qxh4 29. Qb7 (29. g3 $142 $5 {
deserves consideration} Qh6 30. Qb2 $11) 29... Rh8 $17 30. g3 {White threatens
to win material: g3xh4} Qh3 {White king safety dropped} (30... Qh6 31. Qb2 Nh7
$19) 31. Rxa7 $14 Rf8 32. Qc7 (32. Ra8 $5 $14) 32... Ng4 $11 33. Bxg4 Qxg4 34.
Qxd6 Qxe4 35. Qxc5 $4 {ruins a clearly superior position} (35. Re7 $142 {
would be a reprieve} Qe1+ 36. Kg2 Qe4+ 37. f3 Qe2+ 38. Kg1 Qe3+ 39. Kg2 Qe2+
40. Kg1 Qe3+ 41. Kg2 Qe2+ $11) 35... Rh8 $19 36. Kf1 (36. Rxf7+ {the last
chance for counterplay} Kxf7 37. Qc7+ Kf6 38. Qd6+ Kg5 39. Qe7+ Kg4 40. Qe6+
Qf5 41. Qxf5+ Kxf5 42. Kf1 $19) 36... Rh1# 0-1

[Event "Hokkaido.Ch2022"]
[Site "?"]
[Date "2022.03.26"]
[Round "3.1"]
[White "Akai, Kiyotaka"]
[Black "Kojima, Natsumi"]
[Result "0-1"]
[WhiteElo "1786"]
[BlackElo "1677"]
[Annotator "Fritz 11 SE (30s)"]
[PlyCount "64"]
[SourceVersionDate "2022.03.28"]

{[%mdl 8192] D36: Queen's Gambit Declined: Exchange Variation: Main line (5
Bg5 c6 6 Qc2)} 1. d4 Nf6 2. c4 e6 3. Nc3 d5 4. cxd5 exd5 5. Bg5 c6 6. Qc2 Na6
7. e3 Nb4 8. Qb1 g6 9. a3 Bf5 10. e4 Bxe4 11. Nxe4 dxe4 12. Bxf6 Qxf6 13. Qxe4+
Kd7 $146 {Black loses the right to castle} (13... Kd8 14. Nf3 Nd5 15. Bc4 Bd6 (
15... Qe7 16. Bxd5 cxd5 17. Qxe7+ Kxe7 18. Kd2 Kd6 19. Ne5 Bh6+ 20. Kd3 Rac8
21. Rhe1 Rhe8 22. Re2 Rc7 23. Rae1 Rec8 24. g3 Bg7 25. f4 a5 26. g4 Bxe5 27.
dxe5+ Ke7 28. Rd1 Rc4 29. Ke3 Re4+ 30. Kf3 {Foisor,M (2220)-Rosen,E (2328)
Rockville 2012 0-1 (58)}) 16. O-O Re8 17. Qc2 Nb6 18. Rfe1 Kc7 19. Qb3 Nxc4 20.
Qxc4 Qf5 21. Rac1 Rad8 22. h3 Kb8 23. Kf1 g5 24. Rxe8 Rxe8 25. Re1 Rd8 26. Qe2
h6 27. Qe4 Qb5+ 28. Qe2 {Koksal,E (2321)-Lu,S (2533) Pune 2014 0-1 (52)}) 14.
Qg4+ (14. axb4 $4 {is suicide} Re8 15. Qxe8+ Kxe8 $19) 14... Kc7 (14... Kd8 15.
axb4 Bxb4+ 16. Kd1 Qxf2 17. Qe2 Qxd4+ 18. Kc2 $11) 15. axb4 $16 Bxb4+ 16. Kd1
h5 (16... Qxf2 17. Qg3+ Qxg3 18. hxg3 $16) 17. Qg3+ Bd6 18. Qc3 Qxf2 19. Nf3
Bf4 (19... Rhe8 20. Rc1 a5 21. Rc2 $16) 20. Qc2 $18 Qe3 (20... Qxc2+ 21. Kxc2
Rhe8 22. Bc4 $16) 21. Ra3 (21. Bd3 Qe6 $18) 21... Qe7 22. Bc4 Rhd8 23. Re1 Qf6
24. Rd3 (24. Qc3 Bd6 25. Ra5 a6 $18) 24... g5 (24... Re8 25. Qc3 Rad8 26. g3
$18) 25. Ne5 (25. Rf1 $5 Rf8 $18) 25... Bxh2 26. Kc1 (26. g3 $142 Bxg3 27. Rxg3
Rxd4+ 28. Bd3 $18) 26... Bg3 $4 {shortens the misery for Black} (26... Bxe5 27.
dxe5 (27. Rxe5 $6 Rxd4 28. Rxd4 Qxe5 $11) 27... Qf4+ 28. Rde3 $18) 27. Red1 (
27. Rxg3 $142 {finishes off the opponent} Rxd4 28. Qc3 $18) 27... Bxe5 $16 28.
dxe5 Qxe5 29. Rxd8 (29. Qf2 $5 {has some apparent merit} Qf4+ 30. Qxf4+ gxf4
31. Bxf7 $16) 29... Rxd8 $11 30. Rxd8 Kxd8 31. Qd2+ Kc7 32. Bxf7 Qc5+ (32...
Qc5+ 33. Qc2 Qg1+ 34. Qd1 Qc5+ 35. Qc2 Qg1+ 36. Qd1 Qc5+ 37. Qc2 $11) 0-1

[Event "Hokkaido.Ch2022"]
[Site "?"]
[Date "2022.03.26"]
[Round "3.2"]
[White "Okuno, Rion"]
[Black "Sugimoto, Koichi"]
[Result "1-0"]
[WhiteElo "1167"]
[BlackElo "1978"]
[Annotator "Fritz 11 SE (30s)"]
[PlyCount "67"]
[SourceVersionDate "2022.03.28"]

{B01: Scandinavian Defence} 1. e4 d5 2. exd5 Qxd5 3. Nc3 Qd6 4. d4 Nf6 5. Nf3
c6 6. Bd3 Bg4 7. Ne4 Nxe4 8. Bxe4 Nd7 9. h3 Bh5 10. c3 Nf6 11. Bd3 e6 12. O-O
Be7 $146 (12... Qc7 13. Bg5 Bd6 14. Re1 h6 15. Bd2 Bxf3 16. Qxf3 O-O-O 17. b4
Rhe8 18. b5 c5 19. a4 c4 20. Bf1 Nd5 21. Qe2 Bh2+ 22. Kh1 Bf4 23. Bxf4 Qxf4 24.
g3 Qf6 25. a5 Kb8 26. b6 a6 27. Qe5+ {Buchenau,F (2345)-Muse,D (2418)
playchess.com INT 2005 1-0 (53)}) 13. Be2 O-O 14. Ne5 Bxe2 15. Qxe2 Rad8 16.
Bf4 Qd5 17. Rfd1 Qe4 {Black threatens to win material: Qe4xe2. Black forks:
e2+f4} 18. Qd2 c5 19. f3 {White threatens to win material: f3xe4} Qd5 20. Rac1
(20. Be3 cxd4 21. Bxd4 Nd7 $11) 20... a6 (20... Qxa2 21. Qc2 cxd4 22. cxd4 $17
(22. Rxd4 $2 Bc5 $19)) 21. a3 cxd4 22. cxd4 (22. Qxd4 $4 Bc5 23. Be3 Bxd4 24.
Bxd4 Qb3 $19) 22... Rc8 23. Rc3 Qb5 (23... Rxc3 24. Qxc3 Qb5 25. Bh2 $15) 24.
Bg5 h6 {Black threatens to win material: h6xg5} 25. Bh4 Nd5 26. Bxe7 Nxe7 27.
Rdc1 Rcd8 (27... Rxc3 28. bxc3 (28. Qxc3 $143 Rc8 29. Qd2 Rxc1+ 30. Qxc1 f6 $17
) 28... Nf5 29. c4 $11) 28. Rd3 Nf5 {[%cal Rd8d4,Rf5d4,Gd3d4] Exerts pressure
on the isolated pawn} (28... Nd5 29. Rc5 Qe8 30. Qe1 $15) 29. Rc5 {White
threatens to win material: Rc5xb5} Qb6 30. Nc4 (30. b4 $142 $5 $11 {and White
can hope to live}) 30... Qa7 $17 31. Ne3 {[%cal Yd4d5] White prepares d5} Ne7 (
31... Rxd4 $5 32. Rxd4 Qxc5 $17) 32. b4 Rd7 33. d5 (33. a4 b6 34. Rc4 Rfd8 $15)
33... Rfd8 $15 34. d6 1-0

[Event "Hokkaido.Ch2022"]
[Site "?"]
[Date "2022.03.26"]
[Round "3.3"]
[White "Yoshii, Yukihiko"]
[Black "Kimura, Ryota"]
[Result "0-1"]
[WhiteElo "1724"]
[BlackElo "1681"]
[Annotator "Fritz 11 SE (30s)"]
[PlyCount "86"]
[SourceVersionDate "2022.03.28"]

{[%mdl 8256] A37: Symmetrical English vs ...g6: 4 Bg2 Bg7 5 Nf3} 1. c4 c5 2.
Nc3 Nc6 3. g3 g6 4. Bg2 Bg7 5. Nf3 d6 6. O-O e5 7. d3 Nge7 8. e4 O-O (8... h6
9. Be3 Be6 10. Nd5 Rc8 11. Rc1 Qd7 12. a3 Nd4 {1/2-1/2 (12) Salvador,R (2461)
-Sanchez,J (2463) Venice 2009}) (8... Bg4 9. h3 Bxf3 10. Bxf3 O-O 11. Be3 Nd4
12. Bxd4 exd4 13. Nd5 Nxd5 14. exd5 {1/2-1/2 (14) Necevski,A (2277)-Kostic,N 
(2306) Nis 2013}) 9. Be3 f5 10. exf5 $146 (10. Qd2 f4 11. gxf4 Bg4 12. Ne1 exf4
13. Bxf4 Nd4 14. Bg3 Qd7 15. f4 Bh6 16. Nc2 Ne6 17. Rf2 Rf7 18. Raf1 Raf8 19.
Kh1 g5 20. f5 Nf4 21. Ne3 Bh3 22. Bxh3 Nxh3 23. Rg2 Kh8 24. Ncd5 Ng6 {Ramirez,
E (2293)-Tristan,L (2321) Mar del Plata 2006 1-0 (32)}) 10... Bxf5 11. Qd2 Nb4
{Black threatens to win material: Nb4xd3} 12. Ne1 Rb8 13. a3 {White threatens
to win material: a3xb4} Nbc6 14. Nf3 Na5 (14... Nd4 15. Rae1 $11) 15. Qc2 Nxc4
(15... Nac6 $11) 16. Bg5 (16. Qb3 $142 d5 17. Bxc5 $14) 16... Nb6 $15 17. Nh4
Be6 18. Ne4 (18. b4 $5 $15) 18... Qd7 19. Qd2 (19. b4 c4 20. dxc4 Nxc4 $17)
19... Nf5 20. Nxf5 Bxf5 (20... gxf5 $142 $5 21. Nc3 c4 $19) 21. Nc3 $15 a6 {
Secures b5} 22. a4 Bh3 (22... a5 23. Rfe1 $15) 23. a5 (23. Bxh3 $142 $5 {
is a viable option} Qxh3 24. Be7 $11) 23... Bxg2 $17 24. Kxg2 {White king
safety dropped} Qc6+ 25. f3 Nd5 26. Ne4 Nf6 (26... b5 27. axb6 Rxb6 28. Rfc1
$17) 27. Qc3 (27. Rac1 Rbc8 $11) 27... Nxe4 (27... b5 28. axb6 Rxb6 29. b3 $15)
28. dxe4 $11 {Black has a new backward pawn: d6} d5 {Black threatens to win
material: d5xe4} 29. Rac1 dxe4 30. Qc4+ {White forks: e4} Kh8 31. fxe4 Rxf1 32.
Rxf1 Qb5 (32... b5 33. axb6 Rxb6 34. Rf2 $11) 33. b3 (33. Qxb5 $5 axb5 34. Rf7
$14) 33... Qxa5 34. Qd5 Qa2+ 35. Rf2 {White threatens to win material: Rf2xa2}
Qb1 $4 {makes life more difficult} (35... Qa1 $142 $11 {would save the game})
36. Rf7 (36. Bh6 Qe1 37. Bxg7+ Kxg7 38. Qxe5+ Kh6 39. Qf4+ Kg7 40. Qf6+ Kh6 41.
Rf4 Qe2+ 42. Kh3 Qg4+ 43. Rxg4 Rd8 44. Rh4#) 36... Qc2+ 37. Kh3 Qe2 38. Rxg7 $1
{Mate threat} Qh5+ (38... Kxg7 39. Qxe5+ Kf7 (39... Kf8 40. Qxb8+ Kf7 (40...
Kg7 41. Qxb7+ {Combination}) 41. Qxb7+ {Combination}) (39... Kg8 40. Qxb8+ Kf7
(40... Kg7 41. Qxb7+ {Combination}) 41. Qxb7+ {Combination}) 40. Qc7+ Ke6 (
40... Ke8 41. Qe7# {Mate attack}) (40... Kf8 41. Bh6+ {Combination}) (40... Kg8
41. Qxb8+ {Combination}) 41. Qe7# {Mate attack}) (38... Z0 $140 39. Rxh7+ {
Mate threat}) 39. Bh4 Kxg7 40. Qxc5 $4 {forfeits the clear win.} (40. g4 $142 {
nails it down} Qh6 41. Qxe5+ Kg8 42. Qxb8+ Qf8 43. Qxf8+ (43. Qxb7 $6 {is much
worse} Qf1+ 44. Kg3 Qe1+ 45. Kf3 Qxh4 $14) 43... Kxf8 44. Kg3 $18) 40... Rf8
$19 41. Kg2 (41. b4 $19 {no good, but what else?}) 41... Qe2+ 42. Kh3 Qf1+ 43.
Kg4 h5+ (43... h5+ 44. Kg5 Qf6#) 0-1

[Event "Hokkaido.Ch2022"]
[Site "?"]
[Date "2022.03.26"]
[Round "3.4"]
[White "Shimomura, Kensei"]
[Black "Takeuchi, Hiroshi"]
[Result "0-1"]
[WhiteElo "1240"]
[BlackElo "1371"]
[Annotator "Fritz 11 SE (30s)"]
[PlyCount "98"]
[SourceVersionDate "2022.03.28"]

{[%mdl 8192] A05: R騁i Opening: 1 Nf3 Nf6} 1. e4 d6 2. Nf3 Nf6 3. Nc3 g6 4. b3
$146 (4. g3 c5 5. Bg2 Nc6 6. O-O Bg7 7. d3 Bg4 8. h3 Bd7 9. Be3 e5 10. Ne2 O-O
11. Qd2 Nd4 12. Nfxd4 cxd4 13. Bg5 Qb6 14. c3 dxc3 15. bxc3 Rac8 16. Rab1 Qa6
17. Rb2 Rc7 18. Rfb1 Rfc8 {Jimenez Morales,F (2259)-Insua Mellado,J (2167)
Seville 2000 1-0 (40)}) (4. d3 Bg7 5. Bg5 h6 6. Be3 O-O 7. Be2 e5 8. h3 Nc6 9.
Qd2 Kh7 10. O-O d5 11. exd5 Nxd5 12. Nxd5 Qxd5 13. c3 f5 14. Qc2 Be6 15. Rfd1
Rad8 16. Ne1 Rf7 17. Bf3 Qd6 18. Qa4 Bd5 {Engel,B (2185)-Grimberg,B (2379)
Frankfurt 2014 1/2-1/2 (35)}) (4. Be2 Bg7 5. O-O O-O 6. d3 c5 7. h3 Nc6 8. Be3
e5 9. Nh2 Nd4 10. Bg4 Nxg4 11. hxg4 Be6 12. Nd5 f5 13. gxf5 gxf5 14. f4 fxe4
15. dxe4 Bxd5 16. exd5 Nf5 17. Bd2 exf4 18. Bxf4 Bxb2 {Leite,C (2153)-Arribas
Robaina,M (2303) Dresden 2008 1/2-1/2 (37)}) (4. d4 $5 $14 {is an interesting
idea}) 4... Bg7 $11 5. Bb2 (5. d4 O-O $11) 5... O-O (5... Nxe4 6. Bb5+ (6. Nxe4
$2 Bxb2 7. Rb1 Bg7 $19) 6... Nd7 7. Qe2 Nxc3 8. Bxc3 Bxc3 9. Bxd7+ Qxd7 10.
dxc3 $17) 6. Be2 (6. d4 c5 $11) 6... e5 (6... Nxe4 $142 $5 7. h4 Nc6 $17) 7.
O-O $11 Nc6 8. d4 (8. h3 $142 $5 $11 {should be considered}) 8... exd4 $17 9.
Nxd4 Bd7 (9... Nxd4 10. Qxd4 Re8 11. e5 dxe5 12. Qxd8 Rxd8 13. Bd3 $17) 10. Nf3
(10. f3 Re8 11. Nxc6 Bxc6 $11) 10... Re8 (10... Nxe4 $142 $5 11. Nxe4 Bxb2 $17)
11. Bd3 $15 Nb4 12. Re1 Nxd3 {Black forks: b2+e1} 13. cxd3 {Black has the pair
of bishops} Bc6 14. Nd5 (14. Qd2 $142 $11 {and White is still in the game})
14... Nxd5 $17 15. Bxg7 Kxg7 16. exd5 Bxd5 17. Qd2 (17. Rxe8 Qxe8 18. Qd2 Qd7
$17) 17... Qd7 (17... Qf6 18. Rac1 $17) 18. Rxe8 (18. Ng5 $5 $17) 18... Rxe8
$19 (18... Qxe8 $6 19. Qc3+ Kg8 20. Qxc7 Bxf3 21. gxf3 $15) 19. Qc3+ f6 20. Qd4
(20. Re1 c5 $19) 20... Bxf3 21. gxf3 Qc6 (21... c5 22. Qf4 $19) 22. Qg4 (22.
Kg2 a5 $19) 22... h5 (22... Re7 23. f4 $19) 23. Qh3 (23. Qc4 Qxf3 24. Qxc7+ Kh6
25. Qxd6 $19) 23... f5 24. f4 Qc3 25. Qf1 Qf6 (25... c6 $142 $5 {makes it even
easier for Black} 26. Qd1 $19) 26. Rc1 Re7 27. Qg2 $2 (27. Re1 c5 $19) 27... c6
(27... Qb2 {and Black can already relax} 28. Qf1 Qxa2 29. Qd1 $19) 28. Qg3 $2 (
28. Qf1 Qh4 29. Re1 Rd7 $19) 28... Kf7 (28... Qb2 {keeps an even firmer grip}
29. Rd1 $19) 29. h4 (29. Kg2 Re2 $19) 29... Re2 30. a4 (30. Kg2 {cannot change
destiny} Qb2 31. Rg1 Qxa2 $19) 30... Qb2 31. Kf1 (31. Rf1 {there is nothing
better in the position} Qxb3 32. Qf3 $19) 31... Re7 32. Re1 Rxe1+ 33. Kxe1 Qxb3
34. Qg5 Qc3+ 35. Ke2 Qf6 36. Qxf6+ (36. Qg1 {desperation} Qe6+ 37. Kf3 $19)
36... Kxf6 37. Kd2 Ke6 38. Kc3 Kd5 39. Kb4 Kd4 40. Ka5 Kxd3 41. Kb4 Ke4 42. a5
Kxf4 43. a6 bxa6 44. Ka5 g5 45. f3 gxh4 46. Kxa6 h3 47. Kb7 (47. Kxa7 {is no
salvation} h2 48. Kb7 h1=Q 49. Kc7 h4 50. Kd7 h3 51. Ke7 Qb1 52. Kd7 Qb7+ 53.
Ke6 h2 54. Kxd6 h1=Q 55. Kc5 Qa1 56. Kc4 Qb5#) 47... h2 48. Kb8 (48. Kc7 {
does not improve anything} h1=Q 49. Kd7 Qxf3 50. Ke7 h4 51. Ke6 h3 52. Kd7 h2
53. Ke7 Qd5 54. Kd7 h1=Q 55. Kc8 Qh7 56. Kb8 Qdg8#) 48... h1=Q 49. Kxa7 (49.
Kb7 {doesn't get the bull off the ice} h4 50. Kxc6 Qxf3+ 51. Kd7 h3 52. Ke6 h2
53. Kxd6 h1=Q 54. Kc5 Qa3+ 55. Kc4 Qe4+ 56. Kb5 Qd5#) 49... Qb1 (49... Qb1 50.
Ka8 h4 51. Ka7 h3 52. Ka8 h2 53. Ka7 h1=Q 54. Ka6 Qxf3 55. Ka5 Qb5#) 0-1